The concise Oxford dictionary of current English / (Record no. 184430)
[ view plain ]
| 000 -LEADER | |
|---|---|
| fixed length control field | 01126 a2200289 4500 |
| 003 - CONTROL NUMBER IDENTIFIER | |
| control field | Nust |
| 005 - DATE AND TIME OF LATEST TRANSACTION | |
| control field | 20240122111006.0 |
| 010 ## - LIBRARY OF CONGRESS CONTROL NUMBER | |
| LC control number | 95186509 |
| 020 ## - INTERNATIONAL STANDARD BOOK NUMBER | |
| International Standard Book Number | 0198613199 (plain) |
| 020 ## - INTERNATIONAL STANDARD BOOK NUMBER | |
| International Standard Book Number | 0198613202 (thumb index : acid-free) |
| 040 ## - CATALOGING SOURCE | |
| Transcribing agency | Nust |
| 082 00 - DEWEY DECIMAL CLASSIFICATION NUMBER | |
| Classification number | 423,CON |
| 245 04 - TITLE STATEMENT | |
| Title | The concise Oxford dictionary of current English / |
| 246 18 - VARYING FORM OF TITLE | |
| Title proper/short title | Oxford concise English |
| 250 ## - EDITION STATEMENT | |
| Edition statement | 9th ed. / |
| Remainder of edition statement | edited by Della Thompson. |
| 260 ## - PUBLICATION, DISTRIBUTION, ETC. | |
| Place of publication, distribution, etc. | Oxford : |
| Name of publisher, distributor, etc. | Clarendon Press ; |
| Place of publication, distribution, etc. | New York : |
| Name of publisher, distributor, etc. | Oxford University Press, |
| Date of publication, distribution, etc. | 1995. |
| 300 ## - PHYSICAL DESCRIPTION | |
| Extent | xxi, 1673 p. ; |
| Dimensions | 25 cm. |
| 500 ## - GENERAL NOTE | |
| General note | "First edited by H.W. Fowler and F.G. Fowler." |
| 650 #0 - SUBJECT ADDED ENTRY--TOPICAL TERM | |
| Topical term or geographic name entry element | English language |
| General subdivision | Dictionaries. |
| 9 (RLIN) | 47007 |
| 650 #0 - SUBJECT ADDED ENTRY--TOPICAL TERM | |
| Topical term or geographic name entry element | English language |
| General subdivision | New words |
| -- | Dictionaries. |
| 9 (RLIN) | 47008 |
| 700 1# - ADDED ENTRY--PERSONAL NAME | |
| Personal name | Fowler, F. G. |
| Dates associated with a name | 1870-1918. |
| 9 (RLIN) | 119994 |
| 700 1# - ADDED ENTRY--PERSONAL NAME | |
| Personal name | Fowler, H. W. |
| Dates associated with a name | 1858-1933. |
| 9 (RLIN) | 119995 |
| 700 1# - ADDED ENTRY--PERSONAL NAME | |
| Personal name | Thompson, Della. |
| 9 (RLIN) | 58647 |
| 856 42 - ELECTRONIC LOCATION AND ACCESS | |
| Materials specified | Contributor biographical information |
| Uniform Resource Identifier | <a href="http://www.loc.gov/catdir/enhancements/fy0725/95186509-b.html">http://www.loc.gov/catdir/enhancements/fy0725/95186509-b.html</a> |
| 856 42 - ELECTRONIC LOCATION AND ACCESS | |
| Materials specified | Publisher description |
| Uniform Resource Identifier | <a href="http://www.loc.gov/catdir/enhancements/fy0638/95186509-d.html">http://www.loc.gov/catdir/enhancements/fy0638/95186509-d.html</a> |
| 942 ## - ADDED ENTRY ELEMENTS (KOHA) | |
| Source of classification or shelving scheme | |
| Koha item type | Book |
| Call number prefix | 423,CON |
| Withdrawn status | Lost status | Source of classification or shelving scheme | Damaged status | Not for loan | Permanent Location | Current Location | Date acquired | Full call number | Barcode | Date last seen | Price effective from | Koha item type | Public note |
|---|---|---|---|---|---|---|---|---|---|---|---|---|---|
| Military College of Signals (MCS) | Military College of Signals (MCS) | 12/12/2016 | 423,OXF | MCS31108 | 12/08/2016 | 12/12/2016 | Book | Almirah No.12, Shelf No.3 | |||||
| Military College of Signals (MCS) | Military College of Signals (MCS) | 12/12/2016 | 423,OXF | MCS697 | 12/08/2016 | 12/12/2016 | Book | Almirah No.12, Shelf No.2 |
